00672nam a22001697a 450000500170000000800410001705000200005811101110007824501000018925000110028926000630030030000270036361100140039065000270040470000380043170000330046920211020114323.0211001b mx ||||| |||| 00| 0 spa d04aTJ810bR44 19992 aSemana Nacional de Energía Solarn(XXIII :cMorelia, Michoacán, México :d4 al 8 de Octubre de 1999)00aNotas del Curso b : refrigeración solarc / Isaac Pilatowsky Figueroa, Roberto Best y Brown a1a ed, aMorelia :bAsociación Nacional de Energía solar,c1999 a120 p. :bil.;c28 cm. hCongresos 72lembaEnergía Solar 1 aPilatowsky Figueroa, Isaaceautor1 aBest y Brown, Robertoeautor